Wembley National Stadium Ltd v Wembley (London) Ltd and another (Record no. 106944)

MARC details
000 -LEADER
fixed length control field 01954cam a22002895a 4500
001 - CONTROL NUMBER
control field L137942
008 - FIXED-LENGTH DATA ELEMENTS--GENERAL INFORMATION
fixed length control field 070509e2007 xxk f w 000 0 eng d
035 ## - SYSTEM CONTROL NUMBER
System control number (Sirsi) u137942
041 0# - LANGUAGE CODE
Language code of text/sound track or separate title eng
245 00 - TITLE STATEMENT
Title Wembley National Stadium Ltd v Wembley (London) Ltd and another
Medium [electronic resource]
260 ## - PUBLICATION, DISTRIBUTION, ETC.
Date of publication, distribution, etc. 2007
520 ## - SUMMARY, ETC.
Summary, etc. [2007] EWHC 756 (Ch), 4 April 2007. By a transfer and lease, the first defendant sold the old Wembley Stadium and leased certain parking, access and other rights over its retained land to the claimant. The consideration for the lease included payment of a service charge. The first defendant subsequently transferred the freehold of land over which it had demised rights by the lease to the second to fifth defendants. The first defendant sought payment by the fifth defendants of sums allegedly due under the lease in respect of the service charge. The fifth defendants disputed its liability to pay. "Held": At all times since the grant of the lease, the first defendant had been bound by the lessor's covenants and entitled to the benefit of the lessee's covenants under the lease. The original contractual entitlement of the first defendant was not discharged.
590 ## - LOCAL NOTE (RLIN)
Local note KA
650 24 - SUBJECT ADDED ENTRY--TOPICAL TERM
Topical term or geographic name entry element WEMBLEY NATIONAL STADIUM LTD V WEMBLEY (LONDON) LTD
650 24 - SUBJECT ADDED ENTRY--TOPICAL TERM
Topical term or geographic name entry element LANDLORD AND TENANT (COVENANTS) ACT 1995
650 24 - SUBJECT ADDED ENTRY--TOPICAL TERM
Topical term or geographic name entry element LAW OF PROPERTY ACT 1925
650 24 - SUBJECT ADDED ENTRY--TOPICAL TERM
Topical term or geographic name entry element SCRIBES WEST LTD V RESA ANSTALT
650 24 - SUBJECT ADDED ENTRY--TOPICAL TERM
Topical term or geographic name entry element CLEVE HOUSE PROPERTIES V SCHILDOF
650 24 - SUBJECT ADDED ENTRY--TOPICAL TERM
Topical term or geographic name entry element CAPITAL AND COUNTIES FREEHOLD EQUITY TRUST LTD V BL PLC
650 24 - SUBJECT ADDED ENTRY--TOPICAL TERM
Topical term or geographic name entry element FINANCIAL SERVICES AUTHORITY V ROURKE
650 24 - SUBJECT ADDED ENTRY--TOPICAL TERM
Topical term or geographic name entry element PLOUGH INVESTMENTS LTD V MANCHESTER CC
650 24 - SUBJECT ADDED ENTRY--TOPICAL TERM
Topical term or geographic name entry element SCHALIT V JOSEPH NADLER
651 #4 - SUBJECT ADDED ENTRY--GEOGRAPHIC NAME
Geographic name England
Chronological subdivision 886-
690 ## - LOCAL SUBJECT ADDED ENTRY--TOPICAL TERM (OCLC, RLIN)
Topical term or geographic name as entry element PROPERTY-COMMERCIAL PROPERTY-COMMERCIAL LANDLORD AND TENANT-COMMERCIAL LEASES
856 40 - ELECTRONIC LOCATION AND ACCESS
Uniform Resource Identifier <a href="https://www.bailii.org/ew/cases/EWHC/Ch/2007/756.html">https://www.bailii.org/ew/cases/EWHC/Ch/2007/756.html</a>
Public note View the item free of charge at www.bailii.org...
942 ## - ADDED ENTRY ELEMENTS (KOHA)
Suppress in OPAC 0
Holdings
Withdrawn status Lost status Source of classification or shelving scheme Damaged status Not for loan Home library Current library Shelving location Date acquired Total Checkouts Full call number Barcode Date last seen Copy number Price effective from Koha item type
    Dewey Decimal Classification     Virtual Virtual Online 09/05/2007   ONLINE PUBLICATION 137942-2001 06/08/2019 1 06/08/2019 Law report